LIBRARY & INFORMATION CENTRE, KCAET, TAVANUR

ONLINE PUBLIC ACCESS CATALOGUE (OPAC)

Mechanics of machinery / (Record no. 6722)

MARC details
000 -LEADER
fixed length control field 00517cam a2200217ua 4500
041 ## - LANGUAGE CODE
Language code of text/sound track or separate title eng
082 ## - DEWEY DECIMAL CLASSIFICATION NUMBER
Classification number 621.8
Item number HAM/ME
100 ## - MAIN ENTRY--AUTHOR NAME
Personal name Ham, C W.
245 ## - TITLE STATEMENT
Title Mechanics of machinery /
250 ## - EDITION STATEMENT
Edition statement 4 /
260 ## - PUBLICATION, DISTRIBUTION, ETC. (IMPRINT)
Place of publication New York :
Name of publisher McGraw Hill Book Company ,
Year of publication 1958.
300 ## - PHYSICAL DESCRIPTION
Number of Pages 509 ; .
700 1# - ADDED ENTRY--PERSONAL NAME
Personal name Crane, E J .
700 1# - ADDED ENTRY--PERSONAL NAME
Personal name Rogers, W L .
942 ## - ADDED ENTRY ELEMENTS (KOHA)
Koha item type Books
Holdings
Withdrawn status Lost status Damaged status Home library Current library Date acquired Full call number Accession Number Koha item type
      KAUAET KAUAET 07/04/2012 621.8 1837 Books
      KAUAET KAUAET 07/04/2012 621.8 3640 Books
free website counter